市町村役場が離島に所在する市町村 - Statistics

General Stats
  • This quiz has been taken 219 times
  • The average score is 55 of 73
Answer Stats
都道府県 自治体名 市町村役場が位置する島 % Correct
北海道 利尻町 利尻島
98%
北海道 利尻富士町 利尻島
94%
東京都 小笠原村 父島
94%
新潟県 佐渡市 佐渡島
94%
北海道 奥尻町 奥尻島
93%
北海道 礼文町 礼文島
93%
東京都 大島町 伊豆大島
93%
兵庫県 南あわじ市 淡路島
93%
兵庫県 淡路市 生穂新島
93%
島根県 隠岐の島町 島後
93%
長崎県 対馬市 対馬島
93%
熊本県 天草市 天草下島
92%
東京都 八丈町 八丈島
91%
長崎県 壱岐市 壱岐島
91%
鹿児島県 奄美市 奄美大島
91%
兵庫県 洲本市 淡路島
89%
香川県 小豆島町 小豆島(本島)
89%
長崎県 五島市 福江島
89%
沖縄県 石垣市 石垣島
89%
東京都 青ヶ島村 青ヶ島
88%
鹿児島県 中種子町 種子島
86%
沖縄県 宮古島市 宮古島
86%
鹿児島県 南種子町 種子島
85%
熊本県 上天草市 大矢野島
84%
沖縄県 与那国町 与那国島
84%
東京都 三宅村 三宅島
83%
東京都 御蔵島村 御蔵島
83%
広島県 江田島市 能美島
83%
大分県 姫島村 姫島
83%
鹿児島県 西之表市 種子島
83%
鹿児島県 屋久島町 屋久島
83%
長崎県 新上五島町 中通島
82%
新潟県 粟島浦村 粟島
81%
山口県 周防大島町 屋代島
81%
東京都 利島村 利島
79%
沖縄県 南大東村 南大東島
79%
東京都 新島村 新島
78%
東京都 神津島村 神津島
78%
沖縄県 竹富町 石垣島
78%
沖縄県 北大東村 北大東島
78%
鹿児島県 与論町 与論島
77%
香川県 土庄町 小豆島(前島)
76%
長崎県 平戸市 平戸島
76%
鹿児島県 徳之島町 徳之島
76%
長崎県 小値賀町 小値賀島
74%
鹿児島県 瀬戸内町 奄美大島
72%
島根県 知夫村 知夫里島
70%
香川県 直島町 直島
68%
熊本県 苓北町 天草下島
68%
鹿児島県 喜界町 喜界島
68%
沖縄県 久米島町 久米島
68%
島根県 西ノ島町 西ノ島
67%
沖縄県 伊江村 伊江島
67%
鹿児島県 和泊町 沖永良部島
66%
山口県 上関町 長島
65%
島根県 海士町 中ノ島
64%
広島県 大崎上島町 大崎上島
64%
鹿児島県 宇検村 奄美大島
64%
鹿児島県 龍郷町 奄美大島
64%
沖縄県 多良間村 多良間島
63%
鹿児島県 知名町 沖永良部島
62%
沖縄県 粟国村 粟国島
62%
沖縄県 渡嘉敷村 渡嘉敷島
59%
鹿児島県 天城町 徳之島
58%
沖縄県 伊是名村 伊是名島
58%
愛媛県 上島町 弓削島
57%
沖縄県 渡名喜村 渡名喜島
57%
沖縄県 伊平屋村 伊平屋島
57%
鹿児島県 大和村 奄美大島
56%
鹿児島県 伊仙町 徳之島
54%
沖縄県 座間味村 座間味島
49%
鹿児島県 長島町 長島
46%
北海道 浜中町 湯沸島(霧多布島)
29%
No matching quizzes found
Score Distribution
Percent of People with Each Score
Percentile by Number Answered
Your Score History
You have not taken this quiz